000 00199nam a2200085Ia 4500
008 170617s9999 xx 000 0 und d
100 _aPrescatt & Dunns
245 0 _aIndustrial Microbiology
260 _bC B S Pub
260 _c2004
999 _c15346
_d15346